LEADER 01118nam a2200277 i 4500 001 000000185145 003 CaOOAMICUS 005 20100127000000.0 008 100127s1965 fr u000 u fre u 013 $a163141 040 $aSeMil$bita 100 1 $aEliade, Mircea,$d<1907-1986>.$0(OLS)http://semarc/name/3480 240 14$aDas Heilige und das Profane.$0(OLS)http://semarc/title/265945 245 13$aLe sacré et le profane /$cMircea Eliade. 260 $a[Paris] :$bGallimard,$c1965. 300 $a186 p. ;$c18 cm. 490 0 $aIdées ;$v76 650 4$aSacro.$0(OLS)http://semarc/subject/8612 650 4$aMito.$0(OLS)http://semarc/subject/2342 650 4$aSacro e profano.$0(OLS)http://semarc/subject/31213 650 4$aReligioni - Studio comparato.$0(OLS)http://semarc/subject/542 830 0$aIdées ;$v76.$0(OLS)http://semarc/title/12347 850 $aSeMil 852 $aSeMil$W1$xVenegono$y1$m2X I 253$j135836$B135836$CSeMilBibl$Z2$F147384 $81 996 $6245$aLe sacré et le profane$9(OLS)http://semarc/title/265944 996 $6260$a[Paris] :$bGallimard$9(OLS)http://semarc/publisher/30050 LEADER 01138nam a2200277 i 4500 001 000000048149 003 CaOOAMICUS 005 20150604000000.0 008 150604s1979 it u000 u ita u 013 $a19319 040 $aSeMil$bita 100 1 $aArdigò, Achille <1921-2008>.$0(OLS)http://semarc/name/4335 245 10$aCattolici e politica in un mondo diviso /$cAchille Ardigò ... [et al.] ; a cura di Paolo Nepi ; presentazione di Antonio Pavan. 260 $aRoma :$bAVE,$c1979. 300 $a231 p. ;$c21 cm. 490 0 $aSaggi ;$v20 500 $aFondo Conti. 650 4$aCristianesimo e politica.$0(OLS)http://semarc/subject/5911 700 1 $aPavan, Antonio.$0(OLS)http://semarc/name/8705 700 1 $aNepi, Paolo <1949- >.$0(OLS)http://semarc/name/23884 830 0$aSaggi ;$v20.$0(OLS)http://semarc/title/341 850 $aSeMil 852 $aSeMil$W1$xVenegono$y1$m3N IV 186$j14304$B14304$CSeMilBibl$Z2$F14304 $81 961 $aOmaggio: Conti Franco 996 $6245$aCattolici e politica in un mondo diviso$9(OLS)http://semarc/title/72791 996 $6260$aRoma :$bAVE$9(OLS)http://semarc/publisher/30251